Movies Quiz

Random Movies or Play Quiz
Score 0/40 Timer 06:00
0 Plays Today
Movie % Correct
Angels and Demons???
84.3%
Life of Pi???
82.9%
Jurassic Park???
77.5%
The Godfather???
76.7%
ET: The Extra Terrestrial???
75.4%
The Matrix???
74.8%
Pulp Fiction???
73.3%
Inception???
71.1%
The English Patient???
69.9%
Fight Club???
69.8%
American Psycho???
69.3%
The Sixth Sense???
68.2%
I Am Legend???
68.1%
The Truman Show???
67.1%
Juno???
66.5%
Good Will Hunting???
65.8%
Jerry Maguire???
64.6%
Jaws???
63.6%
Collateral???
55%
American Beauty???
54.7%
Movie % Correct
Arsenic and Old Lace???
54.4%
True Grit???
54.1%
LA Confidential???
54%
Four Weddings and a Funeral???
53.8%
Barefoot in the Park???
52.8%
The Crucible???
51.9%
Forrest Gump???
51.3%
Doubt???
46.6%
Amadeus???
41.4%
Frost/Nixon???
38.5%
Six Degrees of Separation???
37.3%
His Girl Friday???
36.3%
Election???
34.5%
On Golden Pond???
33.6%
Carnage???
33.4%
Steel Magnolias???
32.4%
Closer???
31.1%
Dial M for Murder???
29.2%
A Few Good Men???
28.7%
Die Hard???
23.9%
Remove Ads.
Support Sporcle.
Get the best of Sporcle when you Go Orange. This ad-free experience offers more features, more stats, and more fun while also helping to support Sporcle. Thank you for becoming a member.

You're not logged in!

Compare scores with friends on all Sporcle quizzes.
OR
Log In

Show Comments

Extras

Top Quizzes Today


Score Distribution

Your Account Isn't Verified!

In order to create a playlist on Sporcle, you need to verify the email address you used during registration. Go to your Sporcle Settings to finish the process.

Report this User

Report this user for behavior that violates our Community Guidelines.

Details: